LEADER 00934nam a2200229 i 4500 001 000000256237 003 CaOOAMICUS 005 20171116000000.0 008 171116s1760 xx u000 u lat u 013 $a235145 026 $an-a- g.i- n-ra buSc (3) 1760 (R) 040 $aSeMil$bita 245 10$aTomus secundus. 300 $a466, [2] p. 500 $aSegn.: A-3M4. - Lascito Card. C.M. Martini. 650 4$aSinodi diocesani.$0(OLS)http://semarc/subject/4434 773 0 $aBenedictus XIV $tSanctissimi domini nostri Benedicti Papae 14. De synodo dioecesana, libri tredecim in duos tomos distributi. Tomus 1. [-2.].$dParmae : Ex typographia Fratrum Borsi, 1760.$g2$w()13629 850 $aSeMil 852 $aSeMil$W1$xVenegono$y1$m2H IV 60 FA$j206583$B206583$CSeMilBibl$Z2$F219968 $8I 941 1 $a4 961 $aLascito: Martini Card. Carlo Maria 996 $6245$aTomus secundus$9(OLS)http://semarc/title/149869 LEADER 01523nam a2200301 i 4500 001 000000021754 003 CaOOAMICUS 005 20210217163543.0 008 180830n fr u000 u und u 040 $aSeMil$bita 245 13$aLa cité de Dieu. 260 $aParis :$bDesclée de Brouwer,$c[195?] 300 $av. ;$c18 cm. 700 0 $aAugustinus, Aurelius,$c.$0(OLS)http://semarc/name/498 773 0 $tOeuvres de Saint Augustin.$dParis : Desclée de Brouwer, [195?]$kBibliothèque augustinienne$w()21753 774 0 $aDombart, Bernhard <1832-1907>$tFormation des deux cités.$kBibliothèque augustinienne$gLivres$w()180757 774 0 $aDombart, Bernhard <1832-1907>$tLuttes des deux cités.$kBibliothèque augustinienne$gLivres$w()180758 774 0 $aDombart, Bernhard <1832-1907>$tTriomphe de la cité céleste.$kBibliothèque augustinienne$gLivres$w()180761 774 0 $aDombart, Bernhard <1832-1907>$tImpuissance sociale du paganisme.$kBibliothèque augustinienne$gLivres$w()180775 774 0 $aDombart, Bernhard <1832-1907>$tImpuissance spirituelle du paganisme.$kBibliothèque augustinienne$gLivres$w()180776 830 0$aBibliothèque augustinienne.$0(OLS)http://semarc/title/571 900 1 $aAgostino : d'Ippona. 900 1 $aSant'Agostino. 996 $6245$aLa cité de Dieu$9(OLS)http://semarc/title/28855 996 $6260$aParis :$bDesclée de Brouwer$9(OLS)http://semarc/publisher/30132